LEADER 01089cam0-22003731i-450- 001 990006987210403321 005 20080319151908.0 010 $a88-430-1232-0 035 $a000698721 035 $aFED01000698721 035 $a(Aleph)000698721FED01 035 $a000698721 100 $a20011030d1998----km-y0itay50------ba 101 0 $aita 102 $aIT 105 $ay---aio-001yy 200 1 $a<>orientamento di gruppo$epercorsi teorici e strumenti operativi$fMaria Luisa Pombeni, Maria Grazia D'Angelo 205 $a2. rist. 210 $aRoma$cCarocci$d©1998 215 $a181 p.$d22 cm 225 1 $aUniversitą$iPsicologia$v96 610 0 $aPsicologia sociale 676 $a371.42$v20$zita 700 1$aPombeni,$bMaria Luisa$0143647 701 1$aD'Angelo,$bMaria Grazia$0257090 801 0$aIT$bUNINA$gRICA$2UNIMARC 901 $aBK 912 $a990006987210403321 952 $aP.1 PS 332$bBibl. 41244$fFLFBC 952 $aCollez. 1575 (96)$b37563$fFSPBC 959 $aFSPBC 959 $aFLFBC 996 $aOrientamento di gruppo$9701232 997 $aUNINA LEADER 01422 am 22004813u 450 001 9910169191603321 005 20200520144314.0 010 $a1-76046-108-3 035 $a(CKB)3710000001140500 035 $a(Au-PeEL)EBL4835272 035 $a(CaPaEBR)ebr11369198 035 $a(OCoLC)982018671 035 $a(MiAaPQ)EBC4835272 035 $a(EXLCZ)993710000001140500 100 $a20170420h20172017 uy 0 101 0 $aeng 135 $aurcnu|||||||| 181 $2rdacontent 182 $2rdamedia 183 $2rdacarrier 200 00$aDisturbances in heaven /$fedited by Ivan Franceschini, Kevin Lin, and Nicholas Loubere 210 1$aActon, Australia :$cThe Australian National University,$d2017. 210 4$d©2017 215 $a1 online resource (152 pages) $cillustrations 225 0 $aMade in China Yearbook, 2016 311 $a1-76046-107-5 320 $aIncludes bibliographical references. 606 $aLabor policy$zChina 606 $aCivil society$zChina 607 $aChina$xPolitics and government$y21st century 615 0$aLabor policy 615 0$aCivil society 676 $a331.0951 702 $aFranceschini$b Ivan 702 $aLin$b Kevin 702 $aLoubere$b Nicholas 801 0$bMiAaPQ 801 1$bMiAaPQ 801 2$bMiAaPQ 906 $aBOOK 912 $a9910169191603321 996 $aDisturbances in heaven$92023197 997 $aUNINA